Region Quiz on a Map - Nordic Countries - Statistics

General Stats
  • This quiz has been taken 5,073 times
    4,655 since last reset
  • The average score is 22 of 47
Answers on the Map
Answers color-coded by a green-red scale on the quiz's map according to % correct below.
 
Answer Stats
Answers % Correct
717,710 Oslo
98%
988,943 Stockholm
98%
674,500 Helsinki
97%
World's nothermost capital city Reykjavík
94%
659,350 Copenhagen
91%
North Sea
88%
Baltic Sea
85%
Russia
81%
604,616 Gothenburg
80%
The "Gateway to the fjords" Bergen
79%
Germany
79%
Largest city in Greenland Nuuk
78%
Arctic Ocean
76%
North Atlantic Ocean
76%
Peninsula in Northern Europe named after a Germanic tribe Jutland
67%
Gulf of Finland
63%
Archipelago previously known as Spitsbergen Svalbard
63%
Norwegian Sea
55%
Home to Scandinavia's largest cathedral and oldest university Uppsala
53%
Island whose biggest city, Visby, was a Hanseatic port Gotland
52%
Northernmost city with over 50,000 inhabitants Tromsø
52%
Intermittently erupting water spring that gave rise to the English generic word Geysir
51%
Ekeberg: This anxiety-inducing Edvard Munch painting likely depicts a view from this neighborhood The Scream
51%
Malmö: This football player, who often refers to himself in the third person, made his debut in this city's club Zlatan Ibrahimović
49%
Greenland Sea
48%
Gulf of Bothnia
46%
Jelling: This king, nicknamed Bluetooth, raised a runestone in memory of his parents there Harald "Bluetooth" Gormsson
36%
Kattegat
34%
Cross-country cable-stayed bridge Øresund Bridge
31%
Barents Sea
29%
Skagerrak
29%
Baffin Bay
27%
Scandinavian Mountains
27%
Järvenpää: This composer spent his later years in his "Ainola" there Jean Sibelius
22%
The Deep North: This Andersen fairy tale, adapted by Disney in Frozen, mainly takes place there The Snow Queen
21%
Vänern
19%
Castle famously known as the setting for Shakespeare's play Hamlet Kronborg castle
14%
Hovs Hallar beach: The opening of this Bergman's film, where Death play chess, was shot there The Seventh Seal
14%
1676: Bloodiest battle of the Scanian War Battle of Lund
12%
Fjord that was listed as a UNESCO World Heritage Site, jointly with the Nærøyfjord Geirangerfjord
10%
Glomma
10%
Sea fortress composed of eight islands Suomenlinna
10%
Galdhøpiggen
9%
Hekla
7%
1030: Battle in which King Olaf II Haraldsson was killed and later declared a saint Battle of Stiklestad
6%
Gunnbjørn
3%
Öræfajökull
2%
No matching quizzes found
Score Distribution
Percent of People with Each Score
Percentile by Number Answered
Your Score History
You have not taken this quiz since the last reset